UM Logo

Toward a more perfect trail : (Record no. 20808)

MARC details
000 -LEADER
fixed length control field 00823nam a22001937a 4500
003 - CONTROL NUMBER IDENTIFIER
control field OSt
005 - DATE AND TIME OF LATEST TRANSACTION
control field 20250826194223.0
008 - FIXED-LENGTH DATA ELEMENTS--GENERAL INFORMATION
fixed length control field 240821b ||||| |||| 00| 0 eng d
040 ## - CATALOGING SOURCE
Transcribing agency 0
082 ## - DEWEY DECIMAL CLASSIFICATION NUMBER
Classification number DPer 364.05 5826 Summer-Fall 2021 v. 111 n. 3-4
100 ## - MAIN ENTRY--PERSONAL NAME
Personal name Heiny, Louisa M.A.
Relator term author.
9 (RLIN) 58797
245 ## - TITLE STATEMENT
Title Toward a more perfect trail :
Remainder of title amending federal rules of evidence 106 and 803 to complete the rule of completeness /
Statement of responsibility, etc. Loiusa M.A. Heiny, and Emily Nuvan.
260 ## - PUBLICATION, DISTRIBUTION, ETC. (IMPRINT)
Place of publication, distribution, etc. Evanston ;
Name of publisher, distributor, etc. Northwestern University Press ,
Date of publication, distribution, etc. Fall 2021.
300 ## - PHYSICAL DESCRIPTION
Extent Volume 111, pages 839-908 :
Other physical details illustration ;
Dimensions 26 cm.
500 ## - GENERAL NOTE
General note The Journal of Criminal Law and Criminology, vol. 111, no. 4, pages 839-908, Fall 2021.
700 ## - ADDED ENTRY--PERSONAL NAME
Personal name Heiny, Louisa M.A.
Relator term author.
9 (RLIN) 58797
700 ## - ADDED ENTRY--PERSONAL NAME
Personal name Nuvan, Emily.
Relator term author.
9 (RLIN) 58798
942 ## - ADDED ENTRY ELEMENTS (KOHA)
Source of classification or shelving scheme Dewey Decimal Classification
Koha item type Periodicals
Holdings
Withdrawn status Lost status Source of classification or shelving scheme Damaged status Not for loan Collection code Home library Current library Date acquired Total Checkouts Date last seen Price effective from Koha item type Public note
    Dewey Decimal Classification     Periodicals UM Digos College - LIC UM Digos College - LIC 08/21/2024   08/21/2024 08/21/2024 Periodicals Periodical Article